000 00535nam a22001697a 4500
003 OSt
005 20260217120455.0
008 260217b |||||||| |||| 00| 0 eng d
040 _cMRSPTU
041 _aEnglish
100 _aJatinder Singh, Supervisor: Dr. Manjeet Bansal
245 _aTo Control Air and Noise Pollution by Developing Green Belt
260 _bDepartment of Civil Engg. MRSPTU, Bathinda
_c2018
650 _aCivil Engineering
856 _uhttp://163.47.215.52:8080/jspui/handle/123456789/418
942 _2ddc
_cTH
_n0
999 _c10921
_d10921